Statystyki dla pierwiastki (41)

Kliknij tutaj aby rozwiązać quiz!

Ogólne statystyki

  • Ten quiz został rozwiązany 40 razy
  • Średni wynik to 31 z 41

Statystyki odpowiedzi

symbolpierwiastek% Poprawnych
OTlen
100%
LiLit
97%
MgMagnez
97%
HWodór
97%
CWęgiel
91%
BeBeryl
89%
HeHel
89%
SSiarka
89%
KPotas
86%
ZnCynk
83%
AgSrebro
83%
FFluor
80%
FeŻelazo
80%
AuZłoto
80%
BBor
77%
BrBrom
77%
ClChlor
77%
PFosfor
77%
AlGlin
77%
CuMiedź
77%
NaSód
77%
Cawapń
77%
SiKrzem
74%
ArArgon
71%
GaGal
71%
IJod
71%
NeNeon
71%
NiNikiel
71%
PbOłów
71%
SeSelen
71%
MnMangan
69%
BaBar
66%
CrChrom
66%
CoKobalt
66%
SnCyna
63%
HgRtęć
63%
KrKrypton
57%
CsCez
54%
PtPlatyna
54%
RbRubid
51%
SrStront
46%

Rozkład punktacji

Percentyl według liczby udzielonych odpowiedzi

Procent ludzi z każdym wynikiem

Twoja historia wyników

Nie rozwiązałeś tego quizu